000 00352nam a22001457a 4500
008 210602b ||||| |||| 00| 0 eng d
020 _a9780323263306
041 _aeng
080 _a610.73
082 _a610.73
100 _a1
101 _aINF
245 _aConcept Based Teaching a guide for Nursing Educators
_cJean F. Giddens
942 _2udc
_cBK
999 _c57909
_d57909